[Event "Carlos Torre Memorial op 32nd"]
[Site "Merida"]
[Date "2022.12.20"]
[Round "8"]
[White "Morales Marmol, Marcos Antonio"]
[Black "Bustamante Orta, Jorge"]
[Result "0-1"]
[WhiteElo "2242"]
[BlackElo "2048"]
[PlyCount "118"]
[EventDate "2022.12.16"]
[EventType "swiss"]
[EventRounds "9"]
[EventCountry "MEX"]
[SourceTitle "CBM 212 Extra"]
[Source "ChessBase"]
[SourceDate "2023.03.31"]
[SourceVersion "1"]
[SourceVersionDate "2023.03.31"]
[SourceQuality "1"]

1. d4 e6 2. c4 Nf6 3. Nf3 d5 4. Nc3 Bb4 5. cxd5 exd5 6. Qa4+ Nc6 7. Bg5 h6 8. Bxf6 Qxf6 9. e3 0-0 10. Be2 Be6 11. a3 Be7 12. 0-0 a6 13. b4 Bd6 14. Rfc1 Ne7 15. Qd1 g5 16. b5 a5 17. b6 c6 18. Na4 g4 19. Ne1 h5 20. g3 Kg7 21. Nc5 Bc8 22. Ng2 Ng6 23. Bd3 h4 24. Bxg6 fxg6 25. Qd2 g5 26. e4 Be7 27. exd5 cxd5 28. Re1 Bxc5 29. dxc5 d4 30. Re4 h3 31. Ne1 d3 32. Rd1 Bf5 33. Re3 Kh6 34. Nxd3 Rad8 35. Qe2 Qd4 36. c6 bxc6 37. b7 Qd5 38. f4 gxf4 39. b8Q Rxb8 40. Nxf4 Qc5 41. Qf2 Qb6 42. Ne6 Bxe6 43. Rxe6+ Kg7 44. Qxb6 Rxb6 45. Re4 Rb2 46. Rxg4+ Kh6 47. Rh4+ Kg5 48. Rxh3 Rff2 49. Kh1 c5 50. Rg1 c4 51. g4 c3 52. Rh5+ Kg6 53. Rh3 c2 54. g5 Rd2 55. Rh6+ Kg7 56. Rc6 Rb1 57. Rc7+ Kf8 58. Rc8+ Ke7 59. Rc7+ Kd6 0-1

[Event "Carlos Torre Memorial op 32nd"]
[Site "Merida"]
[Date "2022.12.18"]
[Round "4"]
[White "Morales Marmol, Marcos Antonio"]
[Black "Rosillo Flores, Jorge"]
[Result "1-0"]
[WhiteElo "2242"]
[BlackElo "2083"]
[PlyCount "71"]
[EventDate "2022.12.16"]
[EventType "swiss"]
[EventRounds "9"]
[EventCountry "MEX"]
[SourceTitle "CBM 212 Extra"]
[Source "ChessBase"]
[SourceDate "2023.03.31"]
[SourceVersion "1"]
[SourceVersionDate "2023.03.31"]
[SourceQuality "1"]

1. d4 Nf6 2. c4 g6 3. Nc3 d5 4. Bf4 Bg7 5. e3 0-0 6. cxd5 Nxd5 7. Nxd5 Qxd5 8. Bxc7 Na6 9. Bxa6 Qxg2 10. Qf3 Qxf3 11. Nxf3 bxa6 12. Rc1 f6 13. Rg1 Rf7 14. b3 Bb7 15. Ke2 Rc8 16. Ba5 Rxc1 17. Rxc1 e5 18. dxe5 fxe5 19. Ng5 Rd7 20. f3 Bh6 21. Ne4 Rf7 22. Rc5 Bg7 23. Be1 h6 24. Bg3 g5 25. Nd2 Bf8 26. Rxe5 Bb4 27. Ne4 a5 28. Re6 Bxe4 29. Rxe4 Rd7 30. Rd4 Re7 31. Bd6 Bxd6 32. Rxd6 Rc7 33. Rxh6 Rc2+ 34. Kd3 Rxa2 35. Rg6+ Kf7 36. Rxg5 1-0

[Event "FIDE World Uni Rapid-B 1st"]
[Site "Tornelo INT"]
[Date "2021.03.20"]
[Round "2"]
[White "Morales Marmol, Marcos Antonio"]
[Black "Popa, Andrada"]
[Result "1-0"]
[WhiteElo "2241"]
[BlackElo "1624"]
[PlyCount "91"]
[EventDate "2021.03.20"]
[EventType "swiss (rapid)"]
[EventRounds "12"]
[EventCountry "NET"]
[SourceTitle "CBM 201 Extra"]
[Source "ChessBase"]
[SourceDate "2021.05.31"]
[SourceVersion "1"]
[SourceVersionDate "2021.05.31"]
[SourceQuality "1"]

1. d4 d5 2. c4 e6 3. Nc3 Nf6 4. cxd5 exd5 5. Bg5 c6 6. e3 Be7 7. Bd3 0-0 8. h3 Nbd7 9. Nf3 h6 10. Bf4 Re8 11. 0-0 Nf8 12. Rb1 Ne6 13. Be5 Bd6 14. b4 Bxe5 15. Nxe5 Ng5 16. f4 Nge4 17. Nxe4 Nxe4 18. Bxe4 dxe4 19. f5 Qg5 20. Rf4 Bxf5 21. h4 Qf6 22. Qf1 g6 23. g4 Qxh4 24. gxf5 Qg3+ 25. Qg2 Qxe3+ 26. Qf2 Qxf2+ 27. Rxf2 Rad8 28. fxg6 fxg6 29. Ng4 e3 30. Re2 Kg7 31. Nxe3 Rf8 32. Nc2 Rd7 33. Rbe1 Rdf7 34. Re7 Rxe7 35. Rxe7+ Kf6 36. Rxb7 g5 37. Rc7 Kf5 38. Rxc6 h5 39. Rc3 h4 40. Rf3+ Kg4 41. Rxf8 h3 42. d5 Kg3 43. Rh8 g4 44. d6 Kf3 45. d7 g3 46. Rxh3 1-0

[Event "FIDE World Uni Blitz-B 1st"]
[Site "Tornelo INT"]
[Date "2021.03.13"]
[Round "1.33"]
[White "Morales Marmol, Marcos Antonio"]
[Black "Fedysiv, Zoryana"]
[Result "1-0"]
[WhiteElo "2241"]
[BlackElo "1149"]
[PlyCount "57"]
[EventDate "2021.03.13"]
[EventType "swiss (blitz)"]
[EventRounds "10"]
[EventCountry "NET"]
[SourceTitle "EXT 2022"]
[Source "ChessBase"]
[SourceDate "2021.10.06"]
[SourceVersion "1"]
[SourceVersionDate "2021.10.06"]
[SourceQuality "1"]

1. d4 d5 2. c4 dxc4 3. Nf3 Nf6 4. e3 b5 5. Nc3 c6 6. a4 a6 7. axb5 cxb5 8. Nxb5 Bd7 9. Nc3 Qc7 10. Be2 e6 11. 0-0 Bd6 12. e4 Bb4 13. e5 Nd5 14. Ne4 0-0 15. Bd2 Bxd2 16. Qxd2 Nc6 17. Bxc4 Nce7 18. Rfc1 Ng6 19. Bxd5 Qd8 20. Bxa8 Qxa8 21. Nd6 h5 22. Rc7 Bb5 23. Rac1 Kh7 24. Ng5+ Kh6 25. Nxe6+ Kh7 26. Nxf8+ Nxf8 27. Rc8 Qd5 28. Nxb5 axb5 29. Rxf8 1-0

[Event "Guillermo Garcia Memorial op 28th"]
[Site "Santa Clara"]
[Date "2019.04.26"]
[Round "4"]
[White "Hernandez Machado, Patricia M"]
[Black "Morales Marmol, Marcos Antonio"]
[Result "1/2-1/2"]
[WhiteElo "2000"]
[BlackElo "2227"]
[PlyCount "80"]
[EventDate "2019.04.23"]
[EventType "swiss"]
[EventRounds "9"]
[EventCountry "CUB"]
[SourceTitle "EXT 2020"]
[Source "ChessBase"]
[SourceDate "2019.10.17"]
[SourceVersion "1"]
[SourceVersionDate "2019.10.17"]
[SourceQuality "1"]

1. Nf3 d5 2. g3 Nf6 3. Bg2 c5 4. 0-0 Nc6 5. d4 e6 6. c4 dxc4 7. Qa4 Nd7 8. dxc5 Bxc5 9. Qxc4 0-0 10. Nc3 Qe7 11. Ne4 Bb6 12. Bf4 e5 13. Bg5 Nf6 14. Nxf6+ gxf6 15. Bh6 Rd8 16. Nh4 Nd4 17. e3 Be6 18. Qa4 Nc6 19. Be4 f5 20. Bxf5 Bxf5 21. Nxf5 Qf6 22. Qg4+ Qg6 23. Bg5 h5 24. Nh4 hxg4 25. Nxg6 fxg6 26. Bxd8 Rxd8 27. Rfd1 Kf7 28. Rxd8 Bxd8 29. Rd1 Ke6 30. Kf1 Bb6 31. Ke2 e4 32. h3 gxh3 33. Rh1 Ne5 34. Rxh3 Nd3 35. Rh4 Kf5 36. Rh7 Nc1+ 37. Kd1 Nxa2 38. Re7 Nb4 39. g4+ Kf6 40. Rxe4 Bc5 1/2-1/2

[Event "Francisco Martinez 8th tt"]
[Site "Santa Clara"]
[Date "2018.08.20"]
[Round "8.3"]
[White "Gil Alba, Hector Luis"]
[Black "Morales Marmol, Marcos Antonio"]
[Result "1/2-1/2"]
[WhiteElo "2245"]
[BlackElo "2211"]
[PlyCount "24"]
[EventDate "2018.08.16"]
[EventType "team-tourn"]
[EventRounds "10"]
[EventCountry "CUB"]
[EventCategory "8"]
[SourceTitle "EXT 2021"]
[Source "ChessBase"]
[SourceDate "2020.10.23"]
[SourceVersion "1"]
[SourceVersionDate "2020.10.23"]
[SourceQuality "1"]

1. e4 e5 2. Bc4 Nf6 3. d3 Nc6 4. Nf3 Be7 5. Nbd2 0-0 6. c3 d6 7. Bb3 h6 8. Nf1 Nh7 9. Ng3 Ng5 10. Nxg5 Bxg5 11. 0-0 Bxc1 12. Qxc1 g5 1/2-1/2

[Event "Francisco Martinez 8th tt"]
[Site "Santa Clara"]
[Date "2018.08.17"]
[Round "3.3"]
[White "Morales Marmol, Marcos Antonio"]
[Black "Gil Alba, Hector Luis"]
[Result "1/2-1/2"]
[WhiteElo "2211"]
[BlackElo "2245"]
[PlyCount "45"]
[EventDate "2018.08.16"]
[EventType "team-tourn"]
[EventRounds "10"]
[EventCountry "CUB"]
[EventCategory "8"]
[SourceTitle "EXT 2021"]
[Source "ChessBase"]
[SourceDate "2020.10.23"]
[SourceVersion "1"]
[SourceVersionDate "2020.10.23"]
[SourceQuality "1"]

1. d4 d5 2. c4 c6 3. Nc3 Nf6 4. Nf3 dxc4 5. a4 Bf5 6. Ne5 Na6 7. f3 Nd7 8. Nxc4 e5 9. e4 exd4 10. exf5 dxc3 11. Qe2+ Be7 12. Nd6+ Kf8 13. Ne4 Ndc5 14. bxc3 Nxe4 15. fxe4 Qa5 16. Qf3 Bf6 17. Ra3 Re8 18. Bxa6 Qxa6 19. Kf2 Qc4 20. Re1 Be7 21. Ra1 Bc5+ 22. Kg3 f6 23. h4 1/2-1/2

[Event "Guillermo Garcia Memorial op 27th"]
[Site "Santa Clara"]
[Date "2018.05.31"]
[Round "9"]
[White "Piedra Salabarria, Ernesto"]
[Black "Morales Marmol, Marcos Antonio"]
[Result "1-0"]
[WhiteElo "2355"]
[BlackElo "2139"]
[PlyCount "38"]
[EventDate "2018.05.22"]
[EventType "swiss"]
[EventRounds "9"]
[EventCountry "CUB"]
[SourceTitle "CBM 184 Extra"]
[Source "ChessBase"]
[SourceDate "2018.06.28"]
[SourceVersion "1"]
[SourceVersionDate "2018.06.28"]
[SourceQuality "1"]

1. d4 Nf6 2. Nf3 e6 3. g3 d5 4. Bg2 Be7 5. 0-0 0-0 6. c4 dxc4 7. Ne5 Nc6 8. Nxc6 bxc6 9. Na3 Bxa3 10. bxa3 Ba6 11. Bxc6 Rb8 12. Bf3 Qd7 13. Bg5 Rfd8 14. e3 Qb5 15. Bxf6 gxf6 16. Rc1 Qb2 17. Qa4 Bb5 18. Qxa7 c6 19. Bh5 Rf8 1-0

[Event "Guillermo Garcia Memorial op 27th"]
[Site "Santa Clara"]
[Date "2018.05.24"]
[Round "3"]
[White "Moreno del Pozo, Orlando"]
[Black "Morales Marmol, Marcos Antonio"]
[Result "0-1"]
[WhiteElo "2247"]
[BlackElo "2139"]
[PlyCount "50"]
[EventDate "2018.05.22"]
[EventType "swiss"]
[EventRounds "9"]
[EventCountry "CUB"]
[SourceTitle "CBM 184 Extra"]
[Source "ChessBase"]
[SourceDate "2018.06.28"]
[SourceVersion "1"]
[SourceVersionDate "2018.06.28"]
[SourceQuality "1"]

1. e4 e5 2. Nf3 Nf6 3. Nxe5 d6 4. Nf3 Nxe4 5. c4 Be7 6. Nc3 Nxc3 7. bxc3 0-0 8. d4 c5 9. Bd3 Bg4 10. 0-0 Nc6 11. h3 Bxf3 12. Qxf3 Bf6 13. Be3 g6 14. Rab1 Rb8 15. Qd5 Ne7 16. Qe4 Nc6 17. Rfd1 Qa5 18. Qf4 Bg7 19. Qxd6 cxd4 20. cxd4 Rbd8 21. Qg3 Nxd4 22. Rxb7 Nf5 23. Qc7 Qa4 24. Rd2 Nxe3 25. fxe3 Qa3 0-1

[Event "Guillermo Garcia Memorial op 27th"]
[Site "Santa Clara"]
[Date "2018.05.23"]
[Round "2"]
[White "Morales Marmol, Marcos Antonio"]
[Black "Gutierrez Delgado, Yusuan Alfredo"]
[Result "1/2-1/2"]
[WhiteElo "2139"]
[BlackElo "2304"]
[PlyCount "56"]
[EventDate "2018.05.22"]
[EventType "swiss"]
[EventRounds "9"]
[EventCountry "CUB"]
[SourceTitle "CBM 184 Extra"]
[Source "ChessBase"]
[SourceDate "2018.06.28"]
[SourceVersion "1"]
[SourceVersionDate "2018.06.28"]
[SourceQuality "1"]

1. d4 Nf6 2. c4 e6 3. Nf3 b6 4. g3 Bb7 5. Bg2 Be7 6. 0-0 0-0 7. Nc3 Ne4 8. Bd2 Bf6 9. Ne5 Nxc3 10. Bxc3 Bxg2 11. Kxg2 d6 12. Ng4 Be7 13. f3 f5 14. Nf2 Bf6 15. Rc1 Nd7 16. b4 Qe7 17. Qd3 g6 18. Rfe1 e5 19. e4 exd4 20. Bxd4 Bxd4 21. Qxd4 f4 22. gxf4 Qh4 23. Qd5+ Kh8 24. Nd3 a5 25. b5 Nc5 26. Nxc5 Qxf4 27. Qd4+ Kg8 28. Qd5+ Kh8 1/2-1/2

[Event "Guillermo Garcia Memorial op 27th"]
[Site "Santa Clara"]
[Date "2018.05.22"]
[Round "1"]
[White "Gil, Bernardo"]
[Black "Morales Marmol, Marcos Antonio"]
[Result "0-1"]
[WhiteElo "1724"]
[BlackElo "2139"]
[PlyCount "88"]
[EventDate "2018.05.22"]
[EventType "swiss"]
[EventRounds "9"]
[EventCountry "CUB"]
[SourceTitle "CBM 184 Extra"]
[Source "ChessBase"]
[SourceDate "2018.06.28"]
[SourceVersion "1"]
[SourceVersionDate "2018.06.28"]
[SourceQuality "1"]

1. d4 d5 2. Nf3 Nf6 3. Bf4 e6 4. e3 c5 5. c3 Nc6 6. Nbd2 Nh5 7. Bg5 Qc7 8. Nh4 Nf6 9. Bf4 Qb6 10. Rb1 Be7 11. Bd3 h6 12. Bg3 Qa5 13. a3 c4 14. Bc2 Qd8 15. h3 b5 16. 0-0 a5 17. Nhf3 0-0 18. e4 b4 19. Ba4 Bb7 20. e5 Nd7 21. Re1 Nb6 22. Bxc6 Bxc6 23. axb4 axb4 24. Ra1 Rxa1 25. Qxa1 Qa8 26. Bf4 Qxa1 27. Rxa1 Na4 28. cxb4 Nxb2 29. Rb1 Nd3 30. b5 Bxb5 31. Bxh6 gxh6 32. Rxb5 Rc8 33. Rb7 Bg5 34. Nxg5 hxg5 35. Kf1 c3 36. Nb3 c2 37. Ke2 c1Q 38. Nxc1 Nxc1+ 39. Kd2 Rc4 40. Rb1 Na2 41. Rb2 Rxd4+ 42. Kc2 Nb4+ 43. Kc3 Rc4+ 44. Kd2 Nc6 0-1

[Event "Capablanca Memorial op 53rd"]
[Site "Havana"]
[Date "2018.05.11"]
[Round "3"]
[White "Elias Reyes, Jorge Roberto"]
[Black "Morales Marmol, Marcos Antonio"]
[Result "1/2-1/2"]
[WhiteElo "2300"]
[BlackElo "2139"]
[PlyCount "68"]
[EventDate "2018.05.09"]
[EventType "swiss"]
[EventRounds "10"]
[EventCountry "CUB"]
[SourceTitle "EXT 2019"]
[Source "ChessBase"]
[SourceDate "2018.10.10"]
[SourceVersion "1"]
[SourceVersionDate "2018.10.10"]
[SourceQuality "1"]

1. c4 e5 2. g3 Nf6 3. Bg2 d5 4. cxd5 Nxd5 5. Nc3 Nb6 6. Nf3 Nc6 7. 0-0 Be7 8. a3 0-0 9. b4 a6 10. d3 Be6 11. Bb2 f6 12. Rc1 Kh8 13. Ne4 Qd7 14. Re1 Rfd8 15. Qc2 Bf8 16. Nfd2 Qf7 17. Nc5 Bxc5 18. bxc5 Nd5 19. Rb1 Nde7 20. Ba1 Rab8 21. Qa4 Bd5 22. Ne4 Na7 23. Rf1 Bc6 24. Qa5 Nf5 25. f4 Ne3 26. fxe5 f5 27. Bh3 Bxe4 28. dxe4 Nxf1 29. Rxf1 Qh5 30. exf5 Qxh3 31. e6 Qh6 32. Qxc7 Qe3+ 33. Kh1 Qe4+ 34. Kg1 Qe3+ 1/2-1/2

[Event "Capablanca Memorial op 53rd"]
[Site "Havana"]
[Date "2018.05.10"]
[Round "2"]
[White "Morales Marmol, Marcos Antonio"]
[Black "Lopez Vilier, Luis Angel"]
[Result "1/2-1/2"]
[WhiteElo "2139"]
[BlackElo "2284"]
[PlyCount "55"]
[EventDate "2018.05.09"]
[EventType "swiss"]
[EventRounds "10"]
[EventCountry "CUB"]
[SourceTitle "EXT 2019"]
[Source "ChessBase"]
[SourceDate "2018.10.10"]
[SourceVersion "1"]
[SourceVersionDate "2018.10.10"]
[SourceQuality "1"]

1. d4 d5 2. c4 e6 3. Nf3 c6 4. Nc3 f5 5. Bf4 Nf6 6. e3 Be7 7. Bd3 0-0 8. 0-0 Ne4 9. Bxe4 fxe4 10. Ne5 Nd7 11. c5 Nxe5 12. Bxe5 Rf5 13. f4 exf3 14. Rxf3 Bd7 15. e4 Rg5 16. Bf4 Rg6 17. e5 Be8 18. b4 Rg4 19. h3 Rh4 20. Qd2 Bg6 21. Be3 a5 22. Ne2 b6 23. Bf2 Re4 24. Ng3 axb4 25. cxb6 Rh4 26. Ne2 Re4 27. Ng3 Rh4 28. Ne2 1/2-1/2

[Event "Giraldilla de La Habana tt"]
[Site "Havana"]
[Date "2018.??.??"]
[Round "5.3"]
[White "Hedman Senarega, Jose Antonio"]
[Black "Morales Marmol, Marcos Antonio"]
[Result "0-1"]
[WhiteElo "2179"]
[BlackElo "2211"]
[PlyCount "160"]
[EventDate "2018.07.27"]
[EventType "team-tourn"]
[EventRounds "9"]
[EventCountry "CUB"]
[SourceTitle "EXT 2021"]
[Source "ChessBase"]
[SourceDate "2020.10.23"]
[SourceVersion "1"]
[SourceVersionDate "2020.10.23"]
[SourceQuality "1"]

1. d4 d5 2. Bf4 Nf6 3. e3 e6 4. Nf3 c5 5. c3 Nc6 6. Nbd2 Nh5 7. Bg5 Qc7 8. Ne5 Nf6 9. Bb5 Bd7 10. Nxd7 Nxd7 11. Bf4 Bd6 12. Bxd6 Qxd6 13. Qg4 0-0 14. Qg3 e5 15. 0-0 Rae8 16. Rad1 a6 17. dxe5 Qxe5 18. Bxc6 Qxg3 19. hxg3 bxc6 20. Nb3 Rb8 21. Rd2 Rb5 22. Nc1 Ne5 23. b3 c4 24. Rfd1 cxb3 25. axb3 a5 26. Ra2 Rc5 27. Rc2 Rb8 28. Rd4 f5 29. Kf1 Rcb5 30. Ra4 c5 31. Rca2 c4 32. bxc4 Rb1 33. Ra1 Nd3 34. cxd5 Nxc1 35. Rxa5 Na2+ 36. Rxb1 Rxb1+ 37. Ke2 Nxc3+ 38. Kd3 Ne4 39. f3 Nf6 40. Kd4 Rb2 41. Ke5 Rb3 42. Kxf5 Rxe3 43. d6 Kf8 44. g4 Nd7 45. Ra7 Re5+ 46. Kf4 g5+ 47. Kg3 Ke8 48. Kf2 Rd5 49. Ra6 Kf7 50. g3 Ke6 51. f4 Rxd6 52. Ra8 Kf7 53. Ke3 Nf6 54. fxg5 Nxg4+ 55. Kf4 Nf2 56. Ke5 Rb6 57. Ra5 Kg6 58. Ra2 Nh3 59. Ke4 Nxg5+ 60. Ke3 Rb3+ 61. Kf4 Rb4+ 62. Ke3 Kh5 63. Rh2+ Kg6 64. Ra2 h6 65. Kf2 Rb3 66. Ra4 Rb2+ 67. Ke3 Rg2 68. g4 Rg3+ 69. Kf2 Rf3+ 70. Kg2 Rf6 71. Kg3 Rc6 72. Rb4 Ne6 73. Kh4 Rd6 74. Rc4 Ng5 75. Ra4 Re6 76. Ra8 Nh7 77. Rg8+ Kf7 78. Ra8 Nf6 79. Rh8 Re4 80. Kh3 Kg7 0-1

[Event "Giraldilla de La Habana tt"]
[Site "Havana"]
[Date "2018.??.??"]
[Round "6.3"]
[White "Morales Marmol, Marcos Antonio"]
[Black "Pulido Alvarez, Ariel"]
[Result "1-0"]
[WhiteElo "2211"]
[BlackElo "2289"]
[PlyCount "103"]
[EventDate "2018.07.27"]
[EventType "team-tourn"]
[EventRounds "9"]
[EventCountry "CUB"]
[SourceTitle "EXT 2021"]
[Source "ChessBase"]
[SourceDate "2020.10.23"]
[SourceVersion "1"]
[SourceVersionDate "2020.10.23"]
[SourceQuality "1"]

1. d4 Nf6 2. c4 g6 3. Nc3 d5 4. Bf4 Bg7 5. e3 c6 6. Nf3 0-0 7. cxd5 cxd5 8. Bd3 Nc6 9. 0-0 e6 10. h3 a6 11. Rc1 Nd7 12. a3 f5 13. b4 Nf6 14. Ne5 Bd7 15. Nxc6 Bxc6 16. Be5 Rf7 17. a4 Bf8 18. b5 axb5 19. axb5 Be8 20. Na4 Nd7 21. Bc7 Qh4 22. b6 g5 23. Nc3 Rg7 24. Nb5 g4 25. Bg3 Qh6 26. Nc7 Rd8 27. Bf4 Qg6 28. hxg4 Nxb6 29. Be5 Rf7 30. gxf5 exf5 31. Nxe8 Rxe8 32. Be2 Rg7 33. Bxg7 Qxg7 34. Qb3 Re6 35. Bf3 Qd7 36. g3 Kg7 37. Rb1 Be7 38. Qb5 Rc6 39. Kg2 Bd8 40. Rfc1 Qc7 41. Rxc6 bxc6 42. Qd3 Qd7 43. Qa6 Qc7 44. Ra1 Kf6 45. Qa7 h6 46. Qxc7 Bxc7 47. Rc1 Nc4 48. Be2 Na5 49. Bb5 cxb5 50. Rxc7 Nc4 51. Rc5 b4 52. Rb5 1-0

[Event "Maria Teresa Mora Memorial op"]
[Site "Havana"]
[Date "2018.??.??"]
[Round "9"]
[White "Santander Valle, David A"]
[Black "Morales Marmol, Marcos Antonio"]
[Result "1/2-1/2"]
[WhiteElo "2009"]
[BlackElo "2163"]
[PlyCount "41"]
[EventDate "2018.03.08"]
[EventType "swiss"]
[EventRounds "9"]
[EventCountry "CUB"]
[SourceTitle "EXT 2021"]
[Source "ChessBase"]
[SourceDate "2020.10.23"]
[SourceVersion "1"]
[SourceVersionDate "2020.10.23"]
[SourceQuality "1"]

1. e4 e5 2. Nf3 Nc6 3. Bc4 Bc5 4. c3 Nf6 5. d3 d6 6. 0-0 a6 7. h3 Ba7 8. Bb3 h6 9. Re1 0-0 10. Nbd2 Na5 11. Bc2 c5 12. Nf1 b5 13. Be3 Nc6 14. Ng3 Ne7 15. d4 cxd4 16. cxd4 Ng6 17. Rc1 Be6 18. Bb1 Qa5 19. d5 Bxe3 20. Rxe3 Bd7 21. Qd2 1/2-1/2

[Event "Pan American-ch U18"]
[Site "Cali"]
[Date "2015.07.01"]
[Round "5"]
[White "Plua, Jonathan"]
[Black "Morales Marmol, Marcos Antonio"]
[Result "1/2-1/2"]
[WhiteElo "1293"]
[BlackElo "2217"]
[PlyCount "38"]
[EventDate "2015.06.28"]
[EventType "swiss"]
[EventRounds "9"]
[EventCountry "COL"]
[SourceTitle "EXT 2016"]
[Source "ChessBase"]
[SourceDate "2015.10.08"]
[SourceVersion "1"]
[SourceVersionDate "2015.10.08"]
[SourceQuality "1"]

1. e4 e6 2. d4 d5 3. Nd2 c5 4. exd5 exd5 5. Ngf3 Nf6 6. Bb5+ Bd7 7. Bxd7+ Nbxd7 8. 0-0 Be7 9. c3 0-0 10. Nb3 c4 11. Nbd2 Qc7 12. Re1 Bd6 13. Nf1 Rfe8 14. Bg5 Ne4 15. Bh4 Ndf6 16. Bxf6 Nxf6 17. Ne3 Bf4 18. Nf1 Bd6 19. Ne3 Bf4 1/2-1/2

[Event "Pan American-ch U18"]
[Site "Cali"]
[Date "2015.06.30"]
[Round "4"]
[White "Morales Marmol, Marcos Antonio"]
[Black "Diaz Herrera, Leider Andres"]
[Result "1-0"]
[WhiteElo "2217"]
[BlackElo "1997"]
[PlyCount "35"]
[EventDate "2015.06.28"]
[EventType "swiss"]
[EventRounds "9"]
[EventCountry "COL"]
[SourceTitle "EXT 2016"]
[Source "ChessBase"]
[SourceDate "2015.10.08"]
[SourceVersion "1"]
[SourceVersionDate "2015.10.08"]
[SourceQuality "1"]

1. d4 d5 2. c4 c6 3. Nc3 Nf6 4. Nf3 e6 5. Bg5 Nbd7 6. e3 Qa5 7. cxd5 exd5 8. Rc1 Bb4 9. Qd2 c5 10. a3 Bxc3 11. bxc3 Qxa3 12. e4 Nb6 13. Bd3 c4 14. Bb1 a5 15. 0-0 a4 16. Ne1 Qd6 17. Nc2 h6 18. Bf4 1-0

[Event "Pan American-ch U18"]
[Site "Cali"]
[Date "2015.06.29"]
[Round "3"]
[White "Velasco, Daniel"]
[Black "Morales Marmol, Marcos Antonio"]
[Result "0-1"]
[WhiteElo "1468"]
[BlackElo "2217"]
[PlyCount "50"]
[EventDate "2015.06.28"]
[EventType "swiss"]
[EventRounds "9"]
[EventCountry "COL"]
[SourceTitle "EXT 2016"]
[Source "ChessBase"]
[SourceDate "2015.10.08"]
[SourceVersion "1"]
[SourceVersionDate "2015.10.08"]
[SourceQuality "1"]

1. e4 e6 2. d4 d5 3. Nd2 Nc6 4. Ngf3 Nf6 5. e5 Nd7 6. c3 f6 7. exf6 Qxf6 8. Bd3 Bd6 9. 0-0 0-0 10. Nb3 e5 11. Bg5 Qf7 12. dxe5 Ndxe5 13. Nxe5 Nxe5 14. Be2 Bd7 15. Nd4 Rae8 16. Qc2 c5 17. Nb5 Bb8 18. Rae1 a6 19. Na3 Ng4 20. Bxg4 Rxe1 21. Rxe1 Bxg4 22. f3 Qh5 23. f4 h6 24. Be7 Rxf4 25. Bxc5 Re4 0-1